| 000 | 01142nam a22002417a 4500 | ||
|---|---|---|---|
| 003 | OSt | ||
| 005 | 20200921160822.0 | ||
| 008 | 200921s2009 ck ac||gr|||| 00| 0dspa d | ||
| 020 | _a9789589804858 | ||
| 040 |
_aCO-JMCR _cCO-JMCR |
||
| 041 | 0 | _aspa | |
| 082 | 0 | 4 |
_a144 / _bM828h _223 |
| 100 | 1 |
_aMorales Benítez, olympo, _eautor _910610 |
|
| 245 | 1 | 0 |
_aHumanismo ejercicio dinámico del pensamiento / _ccompilado por Olimpo Morales Benítez y Carlos Patricio Eastman Barona |
| 250 | _aPrimera edición | ||
| 260 |
_aPereira (Colombia) : _bFundación Universitaria del Area Andina, _c2009. |
||
| 300 |
_a338 páginas : _bilustraciones, retratos, fotografías a blanco y negro ; _c23 cm. |
||
| 490 | 0 | _aBiblioteca Otto Morales Benítez | |
| 505 | 0 | _aÉnfasis en humanismo. -- Alcance y sentido de la ottoniana. -- Un raro ejemplar humano -- Maestro de maestros -- Hacia un humanismo dinámico -- El humanismo social -- El ensayo como instrumento de expresión -- Dos influencias en su ideario -- La majestad de la palabra | |
| 650 | 2 | 4 |
_aHumanismo _910611 |
| 650 | 2 | 4 |
_aOtto Morales Benitez _xBibliografía _910612 |
| 942 |
_2ddc _cBK |
||
| 999 |
_c6873 _d6873 |
||